00840nam a2200217 a 4500001000400000003001000004005001700014008004100031020001800072040002500090080003700115100002900152245012500181260003200306300002000338500014000358504002500498650005200523700001800575700002900593629BR-CuiBMT20231110231856.0231110s2016 bab 000 0 por d a9788544211601 aBR-CuiBMTcBR-CuiBMT 22007a347.91/.95(079.1)x(079.1)1 aMacêdo, Lucas Buril de aNovo direito processual civil:bquestões comentadas /cLucas Buril de Macêdo, Ravi Peixoto, Murilo Teixeira Avelino. aSalvador:bJusPODIVM,c2016 a584 p. ;c23 cm aQuestões inéditas e de concursos públicos adaptadas, todas com base no Novo Código de processo civil, respondidas e comentadas. ainclui bibliografia. aDireito processual civilxQuestões comentadas aPeixoto, Ravi 4Avelino, Murilo Teixeira